Composers by First Names Quiz - Statistics

General Stats
  • This quiz has been taken 58 times
    46 since last reset
  • The average score is 11 of 20
Answer Stats
Hint Piece Answer % Correct
Ludwig van Moonlight Sonata Beethoven
100%
Wolfgang Amadeus Rondo Alla Turca Mozart
100%
Johann Sebastian Well Tempered Clavier Bach
97%
Maurice Le Tombeau de Couperin Ravel
87%
Peter Illych The Nutcracker Tchaikovsky
85%
Frederic Francois Fantasie Impromptu Chopin
82%
Guiseppe La Traviata Verdi
77%
George Frideric Messiah Handel
72%
Bela Bluebeard's Castle Bartok
69%
Benjamin Peter Grimes Britten
59%
Franz Josef London Symphonies Haydn
59%
Scott The Entertainer Joplin
59%
Sergei Sergeevich Vision Fugitives Prokofiev
51%
Domenico/Alessandro 555 Sonatas Scarlatti
46%
Ralph Roadside Fire Vaughan-Williams
46%
Mily Islamey Balakirev
18%
Muzio Gradus ad Parnassum Clementi
18%
Peter Night Pieces Sculthorpe
5%
Mary Elite Syncopations Mageau
3%
Pierre Mouvement Sancan
3%
No matching quizzes found
Score Distribution
Percent of People with Each Score
Percentile by Number Answered
Your Score History
You have not taken this quiz since the last reset